Pāk o Hind kī Islāmī tārīk̲h̲ : (Record no. 77213)

MARC details
000 -LEADER
fixed length control field 00796cam a22002771a 4500
001 - CONTROL NUMBER
control field sa 68000435
003 - CONTROL NUMBER IDENTIFIER
control field DLC
005 - DATE AND TIME OF LATEST TRANSACTION
control field 20260227112424.0
008 - FIXED-LENGTH DATA ELEMENTS--GENERAL INFORMATION
fixed length control field 951004s1964 pk 000 0 urdo
010 ## - LIBRARY OF CONGRESS CONTROL NUMBER
LC control number sa 68000435
025 ## - OVERSEAS ACQUISITION NUMBER
Overseas acquisition number P-U-1310
035 ## - SYSTEM CONTROL NUMBER
System control number (OCoLC)33240903
040 ## - CATALOGING SOURCE
Original cataloging agency DLC
Transcribing agency WaU
Modifying agency DLC
042 ## - AUTHENTICATION CODE
Authentication code premarc
043 ## - GEOGRAPHIC AREA CODE
Geographic area code a-ii---
-- a-pk---
050 00 - LIBRARY OF CONGRESS CALL NUMBER
Classification number DS436.A1
Item number A57
100 0# - MAIN ENTRY--PERSONAL NAME
Personal name Abdur Rasul,
Dates associated with a name 1932-
245 10 - TITLE STATEMENT
Title Pāk o Hind kī Islāmī tārīk̲h̲ :
Remainder of title ḥiṣṣah-yi duvum, 1526 ʻA. tā 1957 ʻA. /
Statement of responsibility, etc. ʻAbdurrasūl.
260 ## - PUBLICATION, DISTRIBUTION, ETC.
Place of publication, distribution, etc. Lāhaur :
Name of publisher, distributor, etc. Em. Ār. Brādarz,
Date of publication, distribution, etc. 1964.
300 ## - PHYSICAL DESCRIPTION
Extent 6, 415 p. ;
Dimensions 22 cm.
546 ## - LANGUAGE NOTE
Language note In Urdu.
500 ## - GENERAL NOTE
General note No more published.
651 #0 - SUBJECT ADDED ENTRY--GEOGRAPHIC NAME
Geographic name India
General subdivision History.
650 #0 - SUBJECT ADDED ENTRY--TOPICAL TERM
Topical term or geographic name entry element Muslims
Geographic subdivision India
General subdivision History.
651 #0 - SUBJECT ADDED ENTRY--GEOGRAPHIC NAME
Geographic name Pakistan
General subdivision History.

No items available.

Powered by Koha